000
00295nam a22001337a 4500
008
171227b xxu||||| |||| 00| 0 eng d
020
_a
9781121499850
041
_a
eng
080
_a
339.138
100
_a
61
101
_a
MAR
245
_a
ENTERTAINMENT MARKETING
_c
CUNDY.C
942
_2
udc
_c
BK
999
_c
39477
_d
39477